| 000 | 02389nam0a2200361 4500 | ||
|---|---|---|---|
| 001 | RU\NLR\BIBL_A\022310363 | ||
| 005 | 20260420014008.0 | ||
| 010 |
_a978-5-6052011-0-6 _9500 |
||
| 021 |
_aRU _bКН-П-24-042264 _9КН-П-24-4195 |
||
| 035 | _a(NLR Aleph) 022310363 | ||
| 090 |
_a13664126 _c13664126 |
||
| 100 | _a20240830d2024 u y0rusy50 ca | ||
| 101 | 0 | _arus | |
| 102 | _aRU | ||
| 105 | _aac j 000yy | ||
| 181 | 0 |
_ai _baxxe |
|
| 182 | 0 | _an | |
| 200 | 1 |
_aОрганизационные аспекты ранней диагностики визуально обозримых локализаций злокачественных новообразований в медицинских организациях общей лечебной сети _eучебно-методическое пособие _fР. А. Мурашко - главный врач, доктор медицинских наук, Л. Г. Тесленков - кандидат медицинских наук, М. Г. Леонов - главный врач, доцент, доктор медицинских наук [и др.] _gФГБОУ ВО "Кубанский государственный медицинский университет" Минздрава России, |
|
| 203 |
_aТекст _bвизуальный _cнепосредственный |
||
| 210 |
_aМосква _cСтудия онлайн _d2024 |
||
| 215 |
_a78, [1] с. _cил., цв. ил., портр., табл. _d21 |
||
| 300 | _aАвт. указаны на обороте тит. с. | ||
| 320 | _aБиблиогр.: с. 77-78 (27 назв.) | ||
| 606 | 1 |
_aЗлокачественные опухоли _jУчебно-методические пособия _xРанняя диагностика _91136383 _3RU\NLR\AUTH\66451868 |
|
| 686 | 1 | _aР562,4-41я7 | |
| 701 | 1 |
_aМурашко _bР. А. _gРоман Алексеевич |
|
| 701 | 1 |
_aТесленко _bЛ. Г. _gЛада Геннадиевна |
|
| 701 | 1 |
_7ca _8rus _aЛеонов _bМ. Г. _cд-р мед. наук _gМихаил Генрихович _973987 _3RU\NLR\AUTH\7791060 |
|
| 712 | 0 | 2 |
_4570 _aКубанский государственный медицинский университет _cКраснодар _9741720 _3RU\NLR\AUTH\8810121811 |
| 942 | _cBOOK | ||
| 980 | _aNB | ||